000 01937nam a22002890a 4500
001 PT35581
003 AR-LpoUNG
005 20210131230317.0
008 191001s2009||||ag |||||||||||||||||spa d
037 _c$7.48
040 _aAR-LpoUNG
_bspa
_cAR-LpoUNG
_eaacr
041 _aspa
044 _aag
082 0 _a982.065 186sec
100 1 _aCampanella, Juan José
_edir.
245 1 3 _aEl secreto de sus ojos
260 _aBuenos Aires :
_bHaddock - Tornasol - Telefé,
_c2009.
505 0 _aGuión: Juan José Campanella y Eduardo Sacheri. Elenco: Soledad Villamil, Ricardo Darín, Pablo Rago, Guillermo Francella.
520 _aBenjamín Chaparro acaba de jubilarse después de trabajar toda una vida como empleado en un Juzgado Penal. Para ocupar su tiempo libre decide escribir una novela, basada en una historia real de la que ha sido testigo y protagonista. La novela que escribe es, en apariencia, la historia de un asesinato ocurrido en Buenos Aires en 1974, y de la investigación para hallar al culpable. Pero una vez abierta la puerta de ese pasado al propio Chaparro se le volverá imposible cerrarla. Primero, porque la turbulenta Argentina de entonces se cuela en la vida de los personajes, con su carga de violencia y de muerte. Y, sobre todo porque aunque Chaparro suponga que la historia que teje habla únicamente del pasado, su búsqueda ilumina de un modo descarnado su propia vida y su presente, y lo pone de frente con un dilema de amor que lo obsesiona desde hace demasiado tiempo. Reconstruir el pasado lo conducirá a bucear en sus propios sentimientos, sus propias conductas y decisiones. Y hallar la verdad terminará por convertirse no en un objetivo literario, sino en la llave que le permita abrir la puerta para vivir el resto de su vida.
650 4 _aARGENTINA
651 4 _aArgentina
653 _aCINE ARGENTINO
653 _aDVD
653 _aVIDEOS
905 _a35581
942 _cDVD
999 _c2739
_d2739